书目信息 |
| 题名: |
生态恢复的原理与实践
|
|
| 作者: | 李洪远 , 鞠美庭 主编 | |
| 分册: | ||
| 出版信息: | 北京 化学工业出版社 2005 |
|
| 页数: | 345页 | |
| 开本: | 26cm | |
| 丛书名: | ||
| 单 册: | ||
| 中图分类: | Q148 | |
| 科图分类: | ||
| 主题词: | 生态系生态学 | |
| 电子资源: | ||
| ISBN: | 7-5025-6389-X | |
| 000 | 00856nam0 2200253 450 | |
| 001 | 002841027 | |
| 005 | 20070805110440.28 | |
| 010 | @a7-5025-6389-X@dCNY48.00 | |
| 035 | @a002841027 | |
| 100 | @a20050221d2005 em y0chiy0110 ea | |
| 101 | 0 | @achi |
| 102 | @aCN@b110000 | |
| 105 | @aab z 000yy | |
| 106 | @ar | |
| 200 | 1 | @a生态恢复的原理与实践@Asheng tai hui fu de yuan li yu shi jian@f李洪远,鞠美庭主编@Fli hong yuan, ju mei ting zhu bian |
| 210 | @a北京@c化学工业出版社@d2005 | |
| 215 | @a345页@c图,地图@d26cm | |
| 330 | @a本书系统阐述了生态恢复的基本原理与方法,介绍了全球生态恢复实践的概况与特点以及不同类型生态系统恢复的原理、方法与实例。 | |
| 606 | 0 | @a生态系生态学 |
| 690 | @aQ148@v4 | |
| 701 | 0 | @a李洪远@Ali hong yuan@c(大学教师)@4主编 |
| 701 | 0 | @a鞠美庭@Aju mei ting@4主编 |
| 801 | 0 | @aCN@bNLC@c20070805 |
| 905 | @dQ148@e142@f5 | |
| 生态恢复的原理与实践/李洪远,鞠美庭主编.-北京:化学工业出版社,2005 |
| 345页:图,地图;26cm |
| ISBN 7-5025-6389-X:CNY48.00 |
| 本书系统阐述了生态恢复的基本原理与方法,介绍了全球生态恢复实践的概况与特点以及不同类型生态系统恢复的原理、方法与实例。 |
| ● |
| 相关链接 |
|
|
|
|
正题名:生态恢复的原理与实践
索取号:Q148/142
 
预约/预借
| 序号 | 登录号 | 条形码 | 馆藏地/架位号 | 状态 | 备注 |
| 1 | 0851099 | 208510994 | 第二样本阅览室/ [索取号:Q148/142] | 在馆 | |
| 2 | 0851100 | 208511001 | 第三借阅区/ [索取号:Q148/142] | 在馆 | |
| 3 | 0851101 | 208511010 | 第三借阅区/ [索取号:Q148/142] | 在馆 | |
| 4 | 0851102 | 208511029 | 第三借阅区/ [索取号:Q148/142] | 在馆 | |
| 5 | 0851103 | 208511038 | 第三借阅区/ [索取号:Q148/142] | 在馆 |